Port and terminal management (Record no. 254)

000 -LEADER
fixed length control field 00443 a2200157 4500
008 - FIXED-LENGTH DATA ELEMENTS--GENERAL INFORMATION
fixed length control field 220921b ||||| |||| 00| 0 eng d
020 ## - INTERNATIONAL STANDARD BOOK NUMBER
International Standard Book Number 9781908833631
041 0# - LANGUAGE CODE
Language code of text/sound track or separate title eng
082 00 - DEWEY DECIMAL CLASSIFICATION NUMBER
Classification number 387.15
Item number I17
110 ## - MAIN ENTRY--CORPORATE NAME
9 (RLIN) 2796
Corporate name or jurisdiction name as entry element Institute of Chartered Shipbrokers
245 ## - TITLE STATEMENT
Title Port and terminal management
260 ## - PUBLICATION, DISTRIBUTION, ETC. (IMPRINT)
Place of publication, distribution, etc London:
Name of publisher, distributor, etc Institute of Chartered Shipbrokers,
Date of publication, distribution, etc 2015.
300 ## - PHYSICAL DESCRIPTION
Extent viii, 210 p.
650 #0 - SUBJECT ADDED ENTRY--TOPICAL TERM
Topical term or geographic name as entry element Harbors - Management
942 ## - ADDED ENTRY ELEMENTS (KOHA)
Source of classification or shelving scheme
Item type Books
Holdings
Withdrawn status Lost status Source of classification or shelving scheme Damaged status Not for loan Permanent location Current location Date acquired Source of acquisition Cost, normal purchase price Full call number Barcode Date last seen Cost, replacement price Koha item type Total Checkouts Total Renewals Date last borrowed
          IMU Kolkata IMU Kolkata 2019-09-16 Sterling Book House 7744.96 387.15 I17 13062 2019-09-16 8605.52 Books      
          IMU Kolkata IMU Kolkata 2019-09-16 Sterling Book House 7744.96 387.15 I17 13063 2025-08-04 8605.52 Books 2 2 2025-06-19
          IMU Kolkata IMU Kolkata 2019-09-16 Sterling Book House 7744.96 387.15 I17 13064 2019-09-16 8605.52 Books      
Designed and Maintained by IMU-KC Library, Kolkata Campus © Copyright All Rights Reserved

webs counters

Powered by Koha